| 000 | 00454nam a2200193Ia 4500 | ||
|---|---|---|---|
| 008 | 170918s9999 xx 000 0 und d | ||
| 020 | _a140434275 | ||
| 050 | _bE42da 1995 | ||
| 100 | _aEliot, George | ||
| 245 | _aDaniel Deronda / | ||
| 245 | _cby George Eliot. | ||
| 260 | _aNew York : | ||
| 260 | _bPenguin Books, | ||
| 260 | _c1995 | ||
| 300 | _a849 pages : | ||
| 300 | _billustrations ; | ||
| 300 | _c19cm. | ||
| 300 | _ePenguin Classics. | ||
| 999 |
_c343461 _d343461 |
||